| 000 | 00861nam a22002897a 4500 | ||
|---|---|---|---|
| 003 | DO-SdBNP | ||
| 005 | 20180221095150.0 | ||
| 008 | 160718 2001 sp a spa d | ||
| 020 | _a8421610465 | ||
| 040 |
_aBPMSU _bspa _cBPMSU |
||
| 092 |
_axxxxx _bxxxxx |
||
| 100 | 1 | _aMuñoz, Juan | |
| 245 | 1 | 3 |
_aEl feo, el bobo y el malo / _cJuan Muñoz ; ilustraciones Víctor Moreno |
| 250 | _a12a. ed. | ||
| 260 |
_aMadrid : _bBruño, _c2001. |
||
| 300 |
_a153 p. : _bil. ; _c19 cm. |
||
| 490 | 0 | _aAlta mar | |
| 500 | _aIncluye datos biográficos del autor. | ||
| 521 | _aA partir de 10 años. | ||
| 586 | _aPremio Doncel de cuento infantil. | ||
| 586 | _aPremios El Barco de Vapor y Complutense. | ||
| 700 | 1 | 2 |
_aMoreno, Víctor _eil. |
| 830 | 0 |
_aAlta mar _n4 |
|
| 942 |
_2ddc _cBK |
||
| 945 | _ainventariado, 2018 / dg | ||
| 956 |
_2YLOCKWARD _310 _8BPMSU _a00144 |
||
| 999 |
_c12468 _d12468 |
||